000 00222nam a22000857a 4500
008 160712b xxu||||| |||| 00| 0 eng d
100 _92642
_a Rajan, K
245 _aMy Fish and I
260 _aNew Delhi
_bChildren Book Trust
_c2003
999 _c2294
_d2294